• 首页
  • 本馆介绍
  • 公告通知
  • 最新文献
  • 馆藏检索
  • 电子资源
  • 读者导购
  • 参考咨询
  • 我的图书馆
  • 登录
  • 详细信息显示
  • 放入我的书架
  • 预约/预借图书
  • 作者相关作品
  • 分类相关作品
  • 丛书相关作品
  • 出版社相关作品

书目信息

  • 表格格式
  • 工作单格式
  • 卡片格式
题名:
定量分析
    
 
作者: ;华北农业大学 编
分册:  
出版信息: 上海   上海科学技术出版社  1978
页数: 138页
开本: 26cm
丛书名:
单 册:
中图分类: O656.2
科图分类:
主题词: 分析化学 , 分析(化学)
电子资源:
ISBN:
000 00660nam0 2200253 45
001 0178006269
005 20040906172130.8
010    @dCNY0.79
091    @a13119.744
100    @a19950727d1978 em y0chiy0121 ea
101 0  @achi
102    @aCN@b310000
105    @ay z 000yy
106    @ar
200 10 @a定量分析@Ading liang fen xi@f华北农业大学等编
210    @a上海@c上海科学技术出版社@d1978
215    @a138页@d26cm
300    @a全国高等农林院校试用教材
606 0  @a分析化学
606 0  @a分析(化学)
690    @aO656.2
711 02 @a华北农业大学@Ahua bei nong ye da xue@4编
801  0 @aCN@bNLC@c20040906
905    @f1@b11968@dO656.2@e9:2
    
    定量分析/华北农业大学等编.-上海:上海科学技术出版社,1978
    138页;26cm
    全国高等农林院校试用教材
    
    ISBN :CNY0.79
    
●
相关链接 在E读中查询图书 在五车中查询图书 在当当中查询图书 在豆瓣中查询图书


正题名:定量分析     索取号:O656.2/9:2         预约/预借

序号 登录号 条形码 馆藏地/架位号 状态 备注
1 0011968   001947237   密集书库/ [索取号:O656.2/9:2] 在馆    
唐山师范学院图书馆 欢迎您!
大连网信软件有限公司© 版权所有